| 000 | 00632nam a2200121Ia 4500 | ||
|---|---|---|---|
| 008 | 220620s9999||||xx |||||||||||||| ||und|| | ||
| 100 | _aMorin, Céline | ||
| 245 | 0 |
_aLes héroïnes de séries américaines _bDe Ma sorcière Bien-aimée à The good wife |
|
| 546 | _aEnglish[eng] | ||
| 650 | _aSociology||sociology||féminisme||genre||héroïnes||séries||télévision | ||
| 856 | _uhttps://library.oapen.org/bitstream/20.500.12657/24915/1/1005190.pdf||https://library.oapen.org/bitstream/20.500.12657/24915/1/1005190.pdf||https://library.oapen.org/bitstream/20.500.12657/24915/1/1005190.pdf | ||
| 942 | _cEB | ||
| 999 |
_c21815 _d21815 |
||